000 00583cam a22002053a 4500
001 41927
003 PGUSA
005 20140828083939.0
008 130127s2013||||xxu|||||s|||||000 | eng d
040 _aPGUSA
_beng
042 _adc
100 1 _aRevell, James
245 1 2 _aA Complete Guide to the Ornamental Leather Work
_h[electronic resource] /
_cJames Revell
260 _bProject Gutenberg,
_c2013
506 _aPublic domain in the USA.
516 _aElectronic text
830 0 _aProject Gutenberg
_v41927
856 4 0 _uhttp://www.gutenberg.org/ebooks/41927
942 _cEB
999 _c271179
_d271179